01043nam a2200241 a 450000100100000000500170001000800410002702000150006804000250008308200150010810000370012324500920016024601140025225000210036626000340038730000210042150000760044250400320051870000450055071000760059595201130067199900170078400004549920240226140810.0150410s2003 dr 000 0 spa d z084200091X aDO-SdBNPbspacBNPHU axxxxbxxxx1 aMañón Rossi, Wilfredo93759910aAdán :bel primer naturista /cWilfredo Mañón Rossi ; prólogo José R. Dunker.10aAdán, el primer naturista :bla excelencia de la medicina natural con lo mejor de la medicina convencional. a3ra ed. revisada aSanto Domingo :bUNEV,c2003. a255 P. ;c21 cm. aIncluye datos biográficos del autor en la solapa de la contracubierta aBibliografía : p. 251-2541 aDunker L., José,d1943-epról.9102722aUniversidad Nacional Evangélica (UNEV), República Dominicana973552 0010718PDaPDbPDcCTd2015-04-10iLF1l0oxxxx xxxxp45499-10r2020-06-25w2020-06-25yLFPDZNo se presta c44988d44988